000 00274nam a2200109Ia 4500
008 200302s9999 xx 000 0 und d
100 _aAuthor
245 _aBuilding Maintenance An Interim Report
260 _bHer Majesty s Stationery Office
260 _c1969
300 _a23 P.,
999 _c504
_d504